MARC

LEADER 00000nam0a2200000 4500
001 674107
005 20240815133115.0
090 |a 674107 
100 |a 20240815d1979 k||y0rusy50 ca 
101 0 |a rus 
102 |a RU 
105 |a a z 001yy 
181 0 |a i   |b  e  
182 0 |a n 
183 0 |a nc  |2 RDAcarrier 
200 1 |a Алгоритмы проектирования схем механизмов  |e сборник научных статей  |f отв. ред. Н. И. Левитский ; Научный совет по теории машин и систем машин АН СССР, Государственный научно-исследовательский институт машиноведения им. академика А. А. Благонравова 
203 |a Текст  |b визуальный  |c непосредственный 
210 |a Москва  |c Наука  |d 1979 
215 |a 196 с.  |c ил. 
283 |a volume  |2 RDAcarrier 
606 1 |a Механизмы и машины  |x Динамика  |9 63019 
610 1 |a гидравлические устройства 
610 1 |a вычислительные машины 
610 1 |a цикловые механизмы 
610 1 |a пневматические устройства 
675 |a 621.01:531.3  |v 4 
702 1 |4 340  |a Левитский  |b Н. И. 
712 0 2 |4 570  |a Академия наук СССР  |b Научный совет по теории машин и систем машин 
712 0 2 |a Академия наук СССР  |b Государственный научно-исследовательский институт машиноведения им. А. А. Благонравова  |c (Москва)  |c (1962-1979)  |4 570  |9 28893 
801 0 |a RU  |b 63413507  |c 20240815 
830 |a Ретро2024Каталогизация Мотырева 
850 |a 63413507 
942 |c BK